00328nam a2200121Ia 4500008004100000041001200041082001300053100002600066245003800092260003500130300000700165650003400172231217s9999 xx 000 0 und d aEnglish a294 VIR aVireswarananda, Swami 0aReligion and national integration c1986bRamakrishna Math, Madras a26 aReligion National integration